000 00287nam a22001337a 4500
020 _a978-93-325-1894-0
041 _aENG
100 _aJensen .J.R
245 _aRemote Sensing Of The Environmnt
260 _aChennai
_bPearson
_c2014
300 _a613
650 _aSWCE
856 _uSWCE
999 _c189
_d189